|
|
|
|
| LEADER |
01429nam a22002657a 4500 |
| 001 |
41823 |
| 003 |
BD-DhAAL |
| 008 |
231001t2004 ii ||||| b||| 00| 0 ben d |
| 040 |
|
|
|a BD-DhAAL
|c BD-DhAAL
|
| 041 |
|
|
|a ben
|
| 082 |
|
|
|a 370.954
|2 23
|
| 100 |
|
|
|a ভক্তা, ভক্তিভূষণ.
|9 55624
|
| 245 |
|
|
|a ভারতীয় শিক্ষার রূপরেখা :
|b প্রাচীন, মধ্য ও আধুনিক যুগ /
|c ভক্তিভূষণ ভক্তা, আরতি ভক্তা এবং চন্দন ভক্তা.
|
| 246 |
|
|
|a History of education
|
| 260 |
|
|
|a বাসুদেবপুর :
|b অ আ ক খ প্রকাশনী,
|c ২০০৪.
|
| 300 |
|
|
|a ৩৯০ পৃষ্ঠা ;
|c ২২ সে.মি.
|
| 504 |
|
|
|a গ্রন্থপঞ্জিগত নির্দেশিকা অন্তর্ভুক্ত।
|
| 541 |
|
|
|a Complimentary copy from BIED
|e 41823
|
| 650 |
|
|
|a Education
|z India
|x History.
|
| 700 |
|
|
|a ভক্তা, আরতি.
|9 55625
|
| 700 |
|
|
|a ভক্তা, চন্দন.
|9 55626
|
| 852 |
|
|
|a Ayesha Abed Library
|c BIED Collection
|
| 942 |
|
|
|2 ddc
|c BK
|
| 999 |
|
|
|c 46188
|d 46188
|
| 952 |
|
|
|0 0
|1 0
|2 ddc
|4 0
|6 370_954000000000000_BHA
|7 0
|9 74483
|a BRACUL
|b BRACUL
|c GEN
|d 2023-10-01
|e Complimentary copy from BIED
|g 130.00
|l 0
|o 370.954 BHA
|p 3010041823
|r 2023-10-01
|t 1
|w 2023-10-01
|y BK
|x Transferred from BIED to General Stacks
|